书目信息 |
| 题名: |
珂雪斋近集
|
|
| 作者: | 袁中道 著 | |
| 分册: | ||
| 出版信息: | 上海 上海书店 1936 |
|
| 页数: | 286页 | |
| 开本: | 19cm | |
| 丛书名: | ||
| 单 册: | ||
| 中图分类: | I214.82 , I214.8 | |
| 科图分类: | ||
| 主题词: | 文学--作品--中国--明代--选集 , 文学--作品集--中国 | |
| 电子资源: | ||
| ISBN: | ||
| 000 | 00724nam0 2200265 45 | |
| 001 | 0182004597 | |
| 005 | 20040419162253.9 | |
| 010 | @dCNY1.40 | |
| 100 | @a19950315e19821936em y0chiy0121 ea | |
| 101 | 0 | @achi |
| 102 | @aCN@b310000 | |
| 105 | @ay z 000zy | |
| 106 | @ar | |
| 200 | 10 | @a珂雪斋近集@Ake xue zhai jin ji@f(明)袁中道著 |
| 210 | @a上海@c上海书店@d1936@h1982重印 | |
| 215 | @a286页@d19cm | |
| 300 | @a本书据中央书店1936年版重印 | |
| 606 | @a文学@x作品@y中国@z明代@x选集 | |
| 606 | 0 | @a文学@x作品集@x中国 |
| 690 | @aI214.82@v3 | |
| 690 | @aI214.8 | |
| 701 | 0 | @a袁中道@Ayuan zhong dao@f明@4著 |
| 801 | 0 | @aCN@b上海图书馆@c20040419 |
| 801 | 2 | @aCN@bNLC@c20040419 |
| 905 | @f3@b216604-606@dI214.8@e252 | |
| 珂雪斋近集/(明)袁中道著.-上海:上海书店,1936(1982重印) |
| 286页;19cm |
| 本书据中央书店1936年版重印 |
| ISBN :CNY1.40 |
| ● |
| 相关链接 |
|
|
|
|
正题名:珂雪斋近集
索取号:I214.8/252
 
预约/预借
| 序号 | 登录号 | 条形码 | 馆藏地/架位号 | 状态 | 备注 |
| 1 | 0216604 | 000231582 | 第二借阅区/ [索取号:I214.8/252] | 在馆 | |
| 2 | 0216605 | 000231591 | 第二借阅区/ [索取号:I214.8/252] | 在馆 | |
| 3 | 0216606 | 000231573 | 第二借阅区/ [索取号:I214.8/252] | 在馆 | |
| 4 | 0216607 | 000231608 | 第一样本阅览室/ [索取号:I214.8/252] | 在馆 |